|
|
|
|
| LEADER |
00000nam0a2200000 4500 |
| 001 |
286908 |
| 005 |
20231101235934.0 |
| 035 |
|
|
|a (RuTPU)RU\TPU\book\311264
|
| 090 |
|
|
|a 286908
|
| 100 |
|
|
|a 20150311d1979 m y0rusy5003 ca
|
| 101 |
0 |
|
|a rus
|
| 102 |
|
|
|a RU
|
| 105 |
|
|
|a a z 001zy
|
| 200 |
1 |
|
|a Говорят погибшие герои. Предсмертные письма советских борцов против немецко-фашистских захватчиков (1941-1945 гг.)
|f сост. В. А. Кондратьев ; З. Н. Политов
|
| 205 |
|
|
|a 6-е изд., испр. и доп.
|
| 210 |
|
|
|a Москва
|c Политиздат
|d 1979
|
| 215 |
|
|
|a 272 с.
|c ил.
|
| 606 |
1 |
|
|a Герои Великой Отечественной войны 1941-1945
|2 stltpush
|3 (RuTPU)RU\TPU\subj\66794
|9 82828
|
| 610 |
1 |
|
|a история
|
| 610 |
1 |
|
|a Великая Отечественная война 1941-1945
|
| 610 |
1 |
|
|a подвиги
|
| 610 |
1 |
|
|a советские воины
|
| 610 |
1 |
|
|a фашизм
|
| 610 |
1 |
|
|a 20 век
|
| 610 |
1 |
|
|a записки
|
| 686 |
|
|
|a Т3(2)622,88
|v LBC/SL-A
|2 rubbk
|
| 702 |
|
1 |
|a Кондратьев
|b В. А.
|4 220
|
| 702 |
|
1 |
|a Политов
|b З. Н.
|4 220
|
| 801 |
|
0 |
|a RU
|b RuMRKP
|c 19950704
|g psbo
|
| 801 |
|
1 |
|a RU
|b 63413507
|c 20150311
|
| 801 |
|
2 |
|a RU
|b 63413507
|c 20170629
|g RCR
|
| 942 |
|
|
|c BK
|